All the miracles of the Bible : (Record no. 7123)
[ view plain ]
| 000 -LEADER | |
|---|---|
| fixed length control field | 01503cam a2200337Ii 4500 |
| 001 - CONTROL NUMBER | |
| control field | 464126107 |
| 003 - CONTROL NUMBER IDENTIFIER | |
| control field | OCoLC |
| 005 - DATE AND TIME OF LATEST TRANSACTION | |
| control field | 20190122193045.0 |
| 008 - FIXED-LENGTH DATA ELEMENTS--GENERAL INFORMATION | |
| fixed length control field | 800215s1961 miu b 001 0 eng d |
| 010 ## - LIBRARY OF CONGRESS CONTROL NUMBER | |
| LC control number | 61016752 |
| 020 ## - INTERNATIONAL STANDARD BOOK NUMBER | |
| International Standard Book Number | 0310281008 |
| 020 ## - INTERNATIONAL STANDARD BOOK NUMBER | |
| International Standard Book Number | 9780310281009 |
| 035 ## - SYSTEM CONTROL NUMBER | |
| System control number | (OCoLC)464126107 |
| 040 ## - CATALOGING SOURCE | |
| Original cataloging agency | COCUF |
| Language of cataloging | eng |
| Description conventions | rda |
| Transcribing agency | COCUF |
| Modifying agency | OCLCQ |
| -- | L3B |
| -- | OCLCQ |
| -- | OCLCF |
| -- | OCLCO |
| -- | CFT |
| -- | CHC |
| -- | OCLCQ |
| -- | IGR |
| 050 14 - LIBRARY OF CONGRESS CALL NUMBER | |
| Classification number | BT97.2 |
| Item number | .L6 |
| 082 04 - DEWEY DECIMAL CLASSIFICATION NUMBER | |
| Classification number | 231.73 |
| Item number | L818A |
| 092 ## - LOCALLY ASSIGNED DEWEY CALL NUMBER (OCLC) | |
| Classification number | 231.73 |
| Item number | L81a |
| 100 1# - MAIN ENTRY--PERSONAL NAME | |
| Personal name | Lockyer, Herbert, |
| Relator term | author. |
| 245 10 - TITLE STATEMENT | |
| Title | All the miracles of the Bible : |
| Remainder of title | the supernatural in Scripture, its scope and significance / |
| Statement of responsibility, etc. | by Herbert Lockyer. |
| 246 30 - VARYING FORM OF TITLE | |
| Title proper/short title | Miracles of the Bible |
| 264 #1 - PRODUCTION, PUBLICATION, DISTRIBUTION, MANUFACTURE, AND COPYRIGHT NOTICE | |
| Place of production, publication, distribution, manufacture | Grand Rapids, Michigan : |
| Name of producer, publisher, distributor, manufacturer | Zondervan Publishing House, |
| Date of production, publication, distribution, manufacture, or copyright notice | [1961] |
| 264 #4 - PRODUCTION, PUBLICATION, DISTRIBUTION, MANUFACTURE, AND COPYRIGHT NOTICE | |
| Date of production, publication, distribution, manufacture, or copyright notice | ©1961. |
| 300 ## - PHYSICAL DESCRIPTION | |
| Extent | 316 pages ; |
| Dimensions | 24 cm |
| 336 ## - CONTENT TYPE | |
| Content type term | text |
| Content type code | txt |
| Source | rdacontent |
| 337 ## - MEDIA TYPE | |
| Media type term | unmediated |
| Media type code | n |
| Source | rdamedia |
| 338 ## - CARRIER TYPE | |
| Carrier type term | volume |
| Carrier type code | nc |
| Source | rdacarrier |
| 504 ## - BIBLIOGRAPHY, ETC. NOTE | |
| Bibliography, etc. note | Includes bibliographical references (pages 304-305) and indexes. |
| 505 0# - FORMATTED CONTENTS NOTE | |
| Formatted contents note | Part I. Old Testament miracles -- The miracle book -- The miracles of the books of Moses -- The miracles of the historical books -- The miracles in post-captivity books -- The miracles in the poetical books -- The miracles in the prophetical books -- Part II. The New Testament -- Introduction -- The miracles in the Gospels -- The miracles in the Acts -- The miracles in the epistles -- The miracles in the Apocalypse. |
| 650 #0 - SUBJECT ADDED ENTRY--TOPICAL TERM | |
| Topical term or geographic name entry element | Miracles. |
| 942 ## - ADDED ENTRY ELEMENTS (KOHA) | |
| Source of classification or shelving scheme | Dewey Decimal Classification |
| Koha item type | Books |
| Withdrawn status | Lost status | Source of classification or shelving scheme | Damaged status | Not for loan | Collection code | Home library | Current library | Shelving location | Date acquired | Cost, normal purchase price | Total Checkouts | Full call number | Barcode | Date last seen | Price effective from | Koha item type |
|---|---|---|---|---|---|---|---|---|---|---|---|---|---|---|---|---|
| Dewey Decimal Classification | Non-fiction | Harvest Mission College | Harvest Mission College | General Stacks | 22.01.2019 | 1200.00 | 231.73 L818A | 008084 | 22.01.2019 | 22.01.2019 | Books | |||||
| Dewey Decimal Classification | Not For Loan | Reference | Harvest Mission College | Harvest Mission College | Reference | 22.01.2019 | 1200.00 | REF 231.73 L818A | 011962 | 23.02.2021 | 22.01.2019 | Reference | ||||
| Dewey Decimal Classification | Harvest Mission College | Harvest Mission College | 30.11.2022 | 231.73 L818A | 012987 | 30.11.2022 | 30.11.2022 | Books |
